| 000 | 00346nam a2200133 i 4500 | ||
|---|---|---|---|
| 001 | 47025 | ||
| 003 | ES-MaACL | ||
| 007 | t| | ||
| 008 | 030402s1892 it ||||1| ita d | ||
| 100 | 1 |
_aConti, Giuseppe. _940288 |
|
| 245 | 1 | 0 |
_aTempra d'acciaio _b: novela / _cGiuseppe Conti. |
| 260 |
_aFirenze : _b[s.n.], _c1892. |
||
| 852 |
_aES-MaACL _jT-703-F-7 |
||
| 999 |
_c47025 _d47025 |
||